| 000 | 01044nam a22003137a 4500 | ||
|---|---|---|---|
| 003 | CHAP | ||
| 005 | 20220329133337.0 | ||
| 008 | 971013s1991 r 00010 d | ||
| 010 | _a5193 | ||
| 011 | _a6165 | ||
| 035 | _a5385 | ||
| 040 | _cCHAP | ||
| 090 | _aFolleto 13835 | ||
| 110 |
_aBanco Internacional de Reconstrucción y Fomento _99848 |
||
| 245 |
_aCapacitación internacional para riego en el sector público _b: lineamientos para la preparación de estrategias y programas |
||
| 260 |
_aWashington, D.C. : _bEl Banco, _c1991 |
||
| 300 | _a54 p. | ||
| 490 | _aDocumento técnico del IDE | ||
| 500 | _a56-140 | ||
| 590 |
_aBATCH-UPD _b10 _c20130110 _lUCH01 _h1616 |
||
| 590 |
_aBATCH-UPD _b10 _c20130410 _lUCH01 _h1011 |
||
| 590 |
_aBATCH-UPD _b10 _c20130914 _lUCH01 _h1656 |
||
| 590 |
_aCONVERSION _b10 _c20130109 _lUCH01 _h1304 |
||
| 650 | 1 | 4 |
_aIrrigación _xEstudio y enseñanza. _960409 |
| 830 | 0 |
_aDocumento técnico del IDE _933244 |
|
| 901 | _aBK | ||
| 942 | _cFOLL | ||
| 949 |
_aFolleto 13835 _bBC _cFOLL _d-14958 _eTS1 _i5385 _mD _si |
||
| 999 |
_c5193 _d5193 |
||